Países nos Alpes - Statistics

Estatísticas Gerais
  • Esse quiz foi jogado 6 483 vezes
    4 338 desde o último reset
  • A pontuação média é 7 de 8
Estatísticas das Respostas
País % Correto
Suíça
98%
França
93%
Alemanha
91%
Itália
91%
Áustria
88%
Eslovênia
71%
Liechtenstein
71%
Mônaco
62%
Nenhum quiz correspondente encontrado
Distribuição das Pontuações
Porcentagem de Pessoas com Cada Pontuação
Percentil de Números Respondidos
Sua Pontuação Histórica
Você não jogou esse quiz desde o último reset